| 000 | 00630nam a2200205 i 4500 | ||
|---|---|---|---|
| 003 | OSt | ||
| 005 | 20260403093948.0 | ||
| 008 | 260322s1992 |||||||| |||| 00| 0deng d | ||
| 020 | _a8185102384 | ||
| 040 |
_aLHL _beng _cLHL _dLHL _erda |
||
| 100 |
_aNgawang Dhargyey, _d1925- |
||
| 245 | _aTibetan tradition of mental development | ||
| 264 |
_aDharamsala, India : _bLibrary of Tibetan works and archives ; _c1992 |
||
| 300 |
_a250 pages ; _c21 cm |
||
| 336 |
_2rdacontent _atext _btxt |
||
| 337 |
_2rdamedia _aunmediated _bn |
||
| 338 |
_2rdacarrier _avolume _bnc |
||
| 504 | _aIncludes biographical references. | ||
| 942 |
_2LCS _cBOOK _n0 |
||
| 999 |
_c2896 _d2896 |
||